The aqua group guide to procurement, tendering and contract administration (Record no. 34685)

MARC details
000 -LEADER
fixed length control field 00940nam a2200241 a 4500
008 - FIXED-LENGTH DATA ELEMENTS--GENERAL INFORMATION
fixed length control field 100720s2007 ||||||||||||||||| || u
020 ## - INTERNATIONAL STANDARD BOOK NUMBER
International Standard Book Number 9781405131988
050 ## - LIBRARY OF CONGRESS CALL NUMBER
Classification number TH 425 Aqu
100 ## - MAIN ENTRY--PERSONAL NAME
Personal name Statham, Gary
245 14 - TITLE STATEMENT
Title The aqua group guide to procurement, tendering and contract administration
Statement of responsibility, etc. edited by Mark Hackett, Ian Robinson and Gary Statham
260 ## - PUBLICATION, DISTRIBUTION, ETC.
Place of publication, distribution, etc. Oxford:
Name of publisher, distributor, etc. Blackwell Publishing
Date of publication, distribution, etc. 2007
300 ## - PHYSICAL DESCRIPTION
Extent xxi, 378p.: ill.
350 ## - PRICE (NR) (BK AM CF MU VM SE) [OBSOLETE]
Price 0.00
500 ## - GENERAL NOTE
General note Includes Index
650 ## - SUBJECT ADDED ENTRY--TOPICAL TERM
Topical term or geographic name entry element BUILDINGS--SPECIFICATIONS
650 ## - SUBJECT ADDED ENTRY--TOPICAL TERM
Topical term or geographic name entry element LETTING OF CONTRACTS--GREAT BRITAIN
650 #0 - SUBJECT ADDED ENTRY--TOPICAL TERM
Topical term or geographic name entry element CONSTRUCTION INDUSTRY--MANAGEMENT
650 ## - SUBJECT ADDED ENTRY--TOPICAL TERM
Topical term or geographic name entry element CONSTRUCTION CONTRACTS--GREAT BRITAIN
650 ## - SUBJECT ADDED ENTRY--TOPICAL TERM
Topical term or geographic name entry element CONSTRUCTION
700 ## - ADDED ENTRY--PERSONAL NAME
Personal name Robinson, Ian
700 ## - ADDED ENTRY--PERSONAL NAME
Personal name Hackett, Mark
995 ## - RECOMMENDATION 995 [LOCAL, UNIMARC FRANCE]
-- 0.00
-- CBU-MAIN LIBRARY (Kitwe)
-- 1
-- 0.00
-- 1
-- AVAILABLE
-- Aug 23, 2010
-- Main Library Open Access Collection
Holdings
Withdrawn status Lost status Source of classification or shelving scheme Damaged status Not for loan Home library Current library Shelving location Date acquired Total Checkouts Full call number Barcode Date last seen Price effective from Koha item type
          CBU-MAIN LIBRARY, KITWE. CBU-MAIN LIBRARY, KITWE.   11/30/2022   TH 425 Aqu 741362 11/30/2022 11/30/2022 MONOGRAPH